| 000 | 00780nam a22002777a 4500 | ||
|---|---|---|---|
| 001 | 0058538 | ||
| 003 | KOHA_MİRAKIL | ||
| 005 | 20260207004156.0 | ||
| 007 | ta | ||
| 008 | 160617b1977 tu |||gr||||#0|||0|tur | | ||
| 040 |
_aTR-BiSEU _btur _cTR-BiSEU _erda |
||
| 041 | 0 | _atur | |
| 044 | _ctu | ||
| 050 |
_aDR589 _b.K88 1977 |
||
| 100 | 1 | _aKutay, Cemal. | |
| 245 | 1 |
_aKurtuluş savaşının maneviyat ordusu/ _cCemal Kutay ; Cemal Kutay. |
|
| 264 | 1 |
_aİstanbul : _b[y.y.] _c1977 |
|
| 300 | _ac.: resimli; 23 cm. | ||
| 336 |
_ametin _btxt _2rdacontent |
||
| 337 |
_aaracısız _bn _2rdamedia |
||
| 338 |
_acilt _bnc _2rdacarrier |
||
| 490 | 1 |
_aCemal Kutay Kitaplığı ; _v4. |
|
| 830 | 1 |
_aCemal Kutay Kitaplığı ; _v4. _9108307 |
|
| 907 | _aTarih | ||
| 942 |
_2lcc _cBK |
||
| 999 |
_c58342 _d58342 |
||